| 000 | 00448nam a2200193Ia 4500 | ||
|---|---|---|---|
| 008 | 210210b1958 xxu||||| |||| 00| 0 eng d | ||
| 041 | _aeng | ||
| 082 | _a590/118 | ||
| 100 | _aGRAY (Peter) | ||
| 245 | _aHand book of basic microtechnique | ||
| 260 |
_aNew York _bMc Graw Hill Book Co., _c1958 |
||
| 650 | _aof | ||
| 650 | _amicrotechnique | ||
| 650 | _aHand | ||
| 650 | _abook | ||
| 650 | _abasic | ||
| 690 | _aZoology | ||
| 906 | _a010690 | ||
| 999 |
_c138461 _d138461 |
||